000 00700nas a2200241 4500
001 BR9502842
003 BR-BrBNA
005 20231205094031.0
007 ta
008 230509b bl.|||p| |||| 00| 00por d
040 _aBR-BrBNA
_bpor
_cBiblioteca Nacional de Agricultura
041 _a(Pt)
072 _aF04
100 1 _aBenedini, M.S.
100 1 _aKorndorfer, G.H.
245 1 _aAvaliacao de criterios para recomendacao de calcario em cana-de-acucar
650 _aCana de Acucar
650 _aCalcario
650 _aCalagem
773 0 _tSTAB (Brazil)
_xISSN 0102-1214
_g(Jan-Feb 1992), v. 10(3) p. 20-25
_wBR9502842
909 _a202311
_bLúcia
_c55
_dLúcia Elande
942 _2AGRIS
_n0
_cANA
999 _c141683
_d141683